| 000 | 01325nmc a2200481 a 4500 | ||
|---|---|---|---|
| 003 | AR-BaBNM | ||
| 005 | 20251128204405.0 | ||
| 008 | 316119s1992 ||||||||||||||000 | spa|| | ||
| 020 | _a950-737-023-9 | ||
| 040 | _cAR-BaBNM | ||
| 100 | 1 | _aBertoni, Lilia Ana | |
| 245 | 1 | 0 | _aLos tiempos de Perón |
| 250 | _a2ª ed. | ||
| 260 |
_aBuenos Aires _bLibros del Quirquincho _c1992 |
||
| 300 | 0 |
_a64 p. _bil. |
|
| 490 | 0 |
_aUna historia argentina _vv. 11 |
|
| 504 | _aContiene bibliografía | ||
| 600 | 1 | 4 |
_aYrigoyen, Hipólito _d1928-1930 |
| 600 | 0 | 4 |
_aUriburu _d1930-1932 |
| 600 | 1 | 4 | _aBraden, Spruille |
| 600 | 1 | 4 | _aPerón, Juan Domingo |
| 610 | 2 | 4 | _aPartido Justicialista |
| 610 | 1 | 4 | _aGOU |
| 650 | 4 | _aENSENANZA DE LA HISTORIA | |
| 650 | 4 | _a17 DE OCTUBRE DE 1945 | |
| 650 | 4 | _aNACIONALISMO | |
| 650 | 4 | _aHISTORIA | |
| 650 | 4 | _aSINDICATOS | |
| 650 | 4 | _aCORPORATIVISMO | |
| 651 | 4 | _aArgentina | |
| 653 | _aPERONISMO | ||
| 653 | _aGOLPE DE ESTADO 1930 | ||
| 653 | _aGOLPE DE ESTADO 1943 | ||
| 653 | _aSUBLEVACIONES | ||
| 653 | _aGOLPE DE ESTADO 1955 | ||
| 700 | 1 | _aRomero, Luis Alberto | |
| 700 | 1 |
_aMontes, Graciela _ecolaborador |
|
| 700 | 1 |
_aSchlaen, Carlos _eilustrador |
|
| 800 | 1 | _aBertoni, Lilia Ana | |
| 800 | 1 |
_aRomero, Luis Alberto _edirector |
|
| 942 | _cBK | ||
| 998 | _cenrique | ||
| 999 |
_c7269 _d7269 |
||